000 00621cam a2200193 4500500
005 20260405002750.0
041 _afre
042 _adc
100 1 0 _aLegros, Martin
_eauthor
245 0 0 _aChantal Mouffe : “Il est temps de construire une nouvelle frontière politique”
260 _c2018.
500 _a74
690 _aChantal Mouffe
690 _aDémocratie
690 _aPodemos
690 _aPopulisme
786 0 _nPhilosophie magazine | 122 | 9 | 2018-09-01 | p. 30-34 | 1951-1787
856 4 1 _uhttps://shs.cairn.info/magazine-philosophie-magazine-2018-9-page-30?lang=fr&redirect-ssocas=7080
999 _c2060902
_d2060902